Heteronyms II Quiz Stats

 Plays Quiz Updated Dec 31, 2018

Support Sporcle.
Go Orange.
Score 0/20 Timer 07:00
0 Plays Today
Definition 1 Heteronym % Correct
Performs an actiondoes
79.6%
A race in which members of a team take turnsrelay
78.3%
Female pigsow
75.4%
Barren, sandy areadesert
71.8%
Perfume burnt in churchincense
66.9%
One who stitchessewer
65.1%
Flawlessperfect
62%
Small motorcyclemoped
50.8%
To allowpermit
47.3%
That which is containedcontent
45.1%
Definition 1 Heteronym % Correct
A way in or doorwayentrance
44.5%
To feel anger towardsresent
29.1%
Brotherly or spiritual loveagape
29%
Another choicealternate
18.9%
To switch to the other sidedefect
18.9%
Less sensitivenumber
13.2%
A documented accountrecord
12.9%
Suitableappropriate
10.7%
An entertaining or relaxing pastimerecreation
5.9%
To direct or guideconduct
5.2%

You're not logged in!

Compare scores with friends on all Sporcle quizzes.
OR
Log In

From the Vault

10 Closest Capitals to Seoul

by RobPro

Capitals are the soul of geography.
Remove Ads.
Support Sporcle.
Get the best of Sporcle when you Go Orange. This ad-free experience offers more features, more stats, and more fun while also helping to support Sporcle. Thank you for becoming a member.

Show Comments

Extras

Top Quizzes Today


Score Distribution

Your Account Isn't Verified!

In order to create a playlist on Sporcle, you need to verify the email address you used during registration. Go to your Sporcle Settings to finish the process.

Report this User

Report this user for behavior that violates our Community Guidelines.

Details: